| 000 | 00703nam a2200241Ia 4500 | ||
|---|---|---|---|
| 005 | 20230619105157.0 | ||
| 008 | 131103s9999 xx 000 0 und d | ||
| 020 |
_a000686017 6 _c3.95 pds |
||
| 040 | _aLoreto College | ||
| 041 | _aEnglish | ||
| 082 |
_a940.21 _bHAL |
||
| 100 | _aHale,J.R. | ||
| 245 |
_aWar and society in renaissance Europe 1450 - 1620 _cJ.R.Hale |
||
| 260 |
_aLondon _bFontana Press _c1985 |
||
| 300 | _a282 p. | ||
| 440 | _aFontana History Of European War And Society | ||
| 504 | _aIncludes bibliographical references and index | ||
| 650 | _aModern History | ||
| 651 | _aEurope - Modern History | ||
| 700 | _aBest,Geoffrey,series ed. | ||
| 850 | _aLCLIB | ||
| 942 | _cBK | ||
| 999 |
_c4014 _d54493 |
||